LEADER 01764nam0 22003493i 450 001 UFE0976603 005 20251003044426.0 010 $a9788882074753 100 $a20141127d2012 ||||0itac50 ba 101 | $aita 102 $ait 181 1$6z01$ai $bxxxe 182 1$6z01$an 200 1 $aCalcoli di ingegneria con excel$fGiovanni Cerretini 210 $aPalermo$cGrafill$d2012 215 $a190 p. $cill.$d24 cm$e1 CD 225 | $aSoftware$v53 300 $aSul front.: Progettazione e verifica di travi in legno, progettazione e verifica di travi in acciaio, verifica e punzonamento di strutture in cemento armato, progettazione e verifica di solai in latero-cemento, progettazione e verifica di solette composte con lamiera grecata, esempi applicativi 300 $aAggiornato alle NTC e alla Circolare n. 617/2009, Eurocodice 2, Eurocodioce 3, Eurocodice 4 e CNR-DT 206/2007 410 0$1001VEA0186019$12001 $aSoftware$v53 606 $aStrutture edilizie$xCalcolo elettronico$2FIR$3CFIC053631$9I 676 $a624.10285$9INGEGNERIA STRUTTURALE E TECNICA DELLE COSTRUZIONI SOTTERRANEE. Elaborazione dei dati. Applicazioni dell'elaboratore$v14 676 $a624.1710285$9INGEGNERIA STRUTTURALE E TECNICA DELLE COSTRUZIONI SOTTERRANEE. Analisi strutturale. Elaborazione dei dati$v22 700 1$aCerretini$b, Giovanni$3UFEV408704$0520610 801 3$aIT$bIT-000000$c20141127 850 $aIT-BN0095 901 $bNAP 01$cSALA DING $n$ 912 $aUFE0976603 950 0$aBiblioteca Centralizzata di Ateneo$c1 v.$d 01SALA DING 624.10285 CER.ca$e 0102 0000100115 VMA A4 1 v.$fY $h20141126$i20141127 977 $a 01 996 $aCalcoli di ingegneria con excel$9834257 997 $aUNISANNIO